مبادىء علم النفس / (Record no. 5610)

MARC details
000 -الفاتح
عناصر البيانات ثابتة الطول 00677cam a2200193 i 4500
005 - تاريخ ووقت آخر معاملة
حقل ضبط 20251108164157.0
008 - عناصر البيانات ثابتة الطول
عناصر البيانات ثابتة الطول 250721s2000 jo gr 000 0 ara d
020 ## - الترقيم الدولي المعياري للكتب (ردمك)
الترقيم الدولي المعياري للكتب (ردمك) 9957071831
082 14 - رقم تصنيف ديوي العشري
رقم التصنيف 150.1
رقم المادة ع د س
100 1# - مدخل رئيسي – اسم شخصي
الاسم الشخصي عدس، عبد الرحمن
علاقة الشخص بالعمل/ دوره مؤلف.
245 10 - بيان العنوان
العنوان مبادىء علم النفس /
بيان المسؤولية ا.د.عبد الرحمن عدس, د.نايفة قطامي.
250 ## - بيان الطبعة
بيان الطبعة الطبعة الاولى.
264 1# - بيانات النشر، التوزيع…إلخ
مكان النشر، التوزيع...إلخ عمان :
اسم الناشر، الموزع...إلخ دار الفكر للطباعةوالنشرةالتوزيع,
تاريخ النشر، التوزيع...إلخ 2000.
300 ## - الوصف المادي
عدد الوحدات المكونة للوعاء 367 صفحة.
650 17 - مدخل إضافي بالموضوع - مصطلح موضوعي
مصطلح موضوعي أو اسم جغرافي كعنصر مدخل علم النفس.
700 1# - مدخل إضافي - اسم شخصي
الاسم الشخصي قطامي، نايفة
علاقة الشخص بالعمل/ دوره مؤلف.
942 ## - بيانات إضافية (كوها)
نوع التنصيف Dewey Decimal Classification
نوع المادة (كوها) Books
Holdings
حالة السحب حالة الفقدان مصدر التصنيف حالة التلف غير قابل للإعارة المكتبة الرئيسية المكتبة الحالية موقع الرف تاريخ التزويد الرقم المتسلسل Total Checkouts رقم الإستدعاء الباركود تاريخ آخر ظهور تاريخ الفاتورة نوع المادة (كوها)
    Dewey Decimal Classification     المكتبة المركزية المكتبة المركزية الإعارة 06/07/2004 435170   150.1/عدس 435170 28/07/2025 06/07/2004 Books
    Dewey Decimal Classification     المكتبة المركزية المكتبة المركزية الإعارة 06/07/2004 435167   150.1 / ع د س 435167 28/07/2025 06/07/2004 Books
    Dewey Decimal Classification     مكتبة أم قصير والمقابلين العامة مكتبة أم قصير والمقابلين العامة الإعارة 28/07/2025 435189   150.1/عدس DUP-01_435189 28/07/2025 28/07/2025 Books
    Dewey Decimal Classification     مكتبة الحسن العامة مكتبة الحسن العامة الإعارة 06/07/2004 435168   150.1/عدس 435168 28/07/2025 06/07/2004 Books
Implemented & Customized by: BBB with SCIT (Smart Chains for Information Technology)

Powered by Koha